000 00665nam a2200241Ia 4500
003 OSt
005 20221007103537.0
006 a|||||r|||| 00| 0
007 ta
008 221006b |||||||| |||| 00| 0 eng d
024 _a13,462
037 _cTextual
040 _aLCO
_cLCO
_beng
041 _2eng
_aeng
082 _aZ73,5-8, L8
100 _aRoverner- Pieczenik Roberta
_9705208
245 0 _aCriminal Court
_b How it works
260 _aToronto
_bLexington Books Canada
_c1978
300 _a116
650 _aCRIMINAL COURT
_9701938
942 _hZ73,5-8, L8
_cTEXL
999 _c1183025
_d1183025